Electrochemical techniques for corrosion : symposium on Electrochemical Techniques for Corrosion at the NACE Corrosion/76 meeting held in Houston, Texas, March 22-26, 1976 /
Guardado en:
| Autores Corporativos: | , |
|---|---|
| Otros Autores: | |
| Formato: | Libro |
| Idioma: | English |
| Publicado: |
Houston, Tex. :
National Association of Corrosion Engineers,
c1977.
|
| Materias: | |
| Etiquetas: |
Agregar Etiqueta
Sin Etiquetas, Sea el primero en etiquetar este registro!
|
| LEADER | 01198cam a22002535a 4500 | ||
|---|---|---|---|
| 001 | EIQ.libpla001075 | ||
| 008 | 770727s1977####txua#####b####101#0#eng#d | ||
| 005 | 20060724113217.0 | ||
| 245 | 1 | 0 | |a Electrochemical techniques for corrosion : |b symposium on Electrochemical Techniques for Corrosion at the NACE Corrosion/76 meeting held in Houston, Texas, March 22-26, 1976 / |c R. Baboian, editor. |
| 260 | |a Houston, Tex. : |b National Association of Corrosion Engineers, |c c1977. | ||
| 300 | |a 117 p. : |b il. ; |c 29 cm. | ||
| 500 | |a Esponsoreado por NACE Technical Committee T-3L. | ||
| 504 | |a Incluye referencias bibliográficas e índice. | ||
| 111 | 2 | |a Symposium on Electrochemical Techniques for Corrosion |d (1976 : |c Houston, Tex.) | |
| 700 | 1 | |a Baboian, R |q (Robert), |e ed. |4 edt | |
| 710 | 2 | |a National Association of Corrosion Engineers. |b Technical Committee T-3L. | |
| 082 | 0 | 0 | |a 620.1/1223 |
| 650 | 4 | |a Corrosión y anti-corrosivos |x Congresos. | |
| 650 | 4 | |a Protección catódica |x Congresos. | |
| 650 | 0 | |a Corrosion and anti-corrosives |x Congresses. | |
| 650 | 0 | |a Cathodic protection |x Congresses. | |
| 010 | |a 77071054 | ||
| 040 | |a DLC |c DLC |d AR-BbSID | ||
| 859 | |a AR-BbSID |b BIB. PLAPIQUI |h 620.1 |i Sy 68 |p 702 | ||
